GEN (Record no. 985611)

MARC details
000 -LEADER
sabit uzunluktaki kontrol alanı 00225nam a2200097Ia 4500
001 - KONTROL NUMARASI
kontrol alanı 985611
005 - EN SON İŞLEMİN TARİH VE ZAMANI
kontrol alanı 20250826221046.0
008 - SABİT-UZUNLUKTA VERİ ÖĞELERİ--GENEL BİLGİ
sabit uzunluktaki kontrol alanı 250824s9999 xx 000 0 und d
245 #0 - ESER / YAZAR
ESER ADI GEN
Yazar Adı SIDDHARTHA MUKHERJEE
260 ## - YAYIN, DAĞITIM, VB.
YAYIN EVİ DOMİNGO
Holdings
Düşüm durumu Kayıp durumu Sınıflandırma Kaynağı veya raf şeması Hasar Durumu Ödünç verilmez Ana kütüphane Geçerli Kütüphane Edinilen tarih Toplam ödünç verme sayısı Tam yer numarası Barkod Son görüntüleme tarihi Fiyatın geçerli olmaya başladığı tarih Koha materyal türü
    Dewey Ondalık Sınıflama     ŞEHİT MUSTAFA ÇUHADAR ORTAOKULU ŞEHİT MUSTAFA ÇUHADAR ORTAOKULU 24.08.2025   H1 10544468 26.08.2025 26.08.2025 Books